| 000 | 01405cam a2200397 a 4500 | ||
|---|---|---|---|
| 001 | 11887626 | ||
| 003 | OSt | ||
| 005 | 20140310184504.0 | ||
| 008 | 000112s2000 nyua b 000 1 eng | ||
| 010 | _a 00021652 | ||
| 020 | _a0439372119 | ||
| 020 | _a0060285249 (lib. bdg.) | ||
| 040 |
_aDLC _cDLC _dDLC |
||
| 042 | _alcac | ||
| 050 | 0 | 0 |
_aPZ 8.3 _b.W4125Dr 2000 |
| 100 | 1 |
_aWeeks, Sarah. _928807 |
|
| 245 | 1 | 0 |
_aDrip, drop / _cstory by Sarah Weeks ; pictures by Jane Manning. |
| 250 | _a1st ed. | ||
| 260 |
_aNew York : _bHarperCollins, _c2000. |
||
| 300 |
_a32 p. : _bcol. ill. ; _c22 cm. |
||
| 440 | 3 |
_aAn I can read book _93940 |
|
| 520 | _aPip Squeak the mouse is kept awake all night by the drips from his leaky roof. | ||
| 521 | _aG1 | ||
| 526 | _cBR | ||
| 562 | _eFor circulation. 2 copies in the collection | ||
| 650 | 1 |
_aMice _vFiction. _928808 |
|
| 650 | 1 |
_aRain and rainfall _vFiction. _928809 |
|
| 650 | 1 |
_aStories in rhyme. _95554 |
|
| 700 | 1 |
_aManning, Jane, _d1960- _eill. _928810 |
|
| 856 | 4 | 2 |
_3Publisher description _uhttp://www.loc.gov/catdir/description/hc043/00021652.html |
| 906 |
_a7 _bcbc _corignew _d1 _eocip _f20 _gy-gencatlg |
||
| 942 |
_2lcc _cBK-SCHOLAS |
||
| 999 |
_c34787 _d34787 |
||